00465cam a2200181 4500001001100000008004100011020001800052035001500070050002500085100001800110245003400128260003400162300002100196500001200217504002100229505000900250650002400259BFIL004364 1990 a spa  a84-343-0611-5 aBFIL004364 4aND693b.D44 R65 19901 aRombaut, Marc 0aPaul Delvaux /cMarc Rombaut. aBarcelona :bPoligrafa,c1990 a128 p. ;c31 cm. a1 ejem. aIncluye índice aBFIL 4aDelvaux, Paul 1897-